Normal view
MARC view
- Jacub, Peter
Entry Personal Name
001 - CONTROL NUMBER
- control field: 17251
003 - CONTROL NUMBER IDENTIFIER
- control field: NUST
005 - DATE AND TIME OF LATEST TRANSACTION
- control field: 20190710063444.0
008 - FIXED-LENGTH DATA ELEMENTS
- fixed length control field: 190710|| aca||aabn | a|a d
040 ## - CATALOGING SOURCE
- Original cataloging agency: NUST
- Transcribing agency: NUST
100 ## - HEADING--PERSONAL NAME
- Personal name: Jacub, Peter
670 ## - SOURCE DATA FOUND
- Source citation: Work cat.: (NUST): Jacub, Peter, Insani Haqoq ka Bain ul Aqwami Nizam /, 2007.
